Cơ sở khoa học môi trường : Gíao trình dùng cho sinh viên ngành môi trường = Basic environmental science
Bài giảng gồm 18 chương bao gồm các vấn đề có liên quan đến môi trường và ô nhiễm môi trường. Xử lý ô nhiễm môi trường
Gespeichert in:
| 1. Verfasser: | |
|---|---|
| Format: | Buch |
| Sprache: | Undetermined |
| Veröffentlicht: |
Cần Thơ
Trường Đại Học Cần Thơ
2000
|
| Schlagworte: | |
| Tags: |
Tag hinzufügen
Keine Tags, Fügen Sie den ersten Tag hinzu!
|
| Thư viện lưu trữ: | Trung tâm Học liệu Trường Đại học Cần Thơ |
|---|
| LEADER | 01021nam a2200217Ia 4500 | ||
|---|---|---|---|
| 001 | CTU_143835 | ||
| 008 | 210402s9999 xx 000 0 und d | ||
| 082 | |a 363.7 | ||
| 082 | |b V308c | ||
| 100 | |a Lê, Hoàng Việt | ||
| 245 | 0 | |a Cơ sở khoa học môi trường : Gíao trình dùng cho sinh viên ngành môi trường = | |
| 245 | 0 | |b Basic environmental science | |
| 245 | 0 | |c Lê Hoàng Việt | |
| 260 | |a Cần Thơ | ||
| 260 | |b Trường Đại Học Cần Thơ | ||
| 260 | |c 2000 | ||
| 520 | |a Bài giảng gồm 18 chương bao gồm các vấn đề có liên quan đến môi trường và ô nhiễm môi trường. Xử lý ô nhiễm môi trường | ||
| 650 | |a Agriculture,Environmental economics,Environmental engineering,Environmental sciences,Nông nghiệp | ||
| 650 | |x Environmental aspects,Những khía cạnh môi trường | ||
| 904 | |i Năm | ||
| 980 | |a Trung tâm Học liệu Trường Đại học Cần Thơ | ||